000 00516nam a2200193Ia 4500
008 101110s9999 xx 000 0 und d
041 _aENGLISH
082 _bSR20499
100 _aKishnadwala V.H.
245 _aCost Accounting ( T.Y.B.Com. - New Syllabus )
365 _b60
520 _aCommerce
546 _aENGLISH
630 _aCost Accounting ( T.Y.B.Com. - New Syllabus )
650 _aCommerce
655 _aCommerce
730 _aCost Accounting ( T.Y.B.Com. - New Syllabus )
942 _cBOOK
999 _c813579
_d813576